| 000 | 00672nam a2200241Ia 4500 | ||
|---|---|---|---|
| 003 | OSt | ||
| 005 | 20220925224328.0 | ||
| 006 | a|||||r|||| 00| 0 | ||
| 007 | ta | ||
| 008 | 220923b |||||||| |||| 00| 0 eng d | ||
| 037 | _cGeneral Book | ||
| 040 |
_aRTL _cRTL _beng |
||
| 041 |
_2eng _aeng |
||
| 082 | _aT:87y73, K4 | ||
| 100 | _aJackson Brian | ||
| 245 | 0 |
_aStreaming _b An education system in miniature |
|
| 260 |
_aLondon _bRoutledge & Kegan Paul _c1964 |
||
| 300 |
_ax,156p. _ccm. |
||
| 650 | _a Education | ||
| 650 |
_aEducational Management _9233174 |
||
| 942 |
_hT:87y73, K4 _cGB _2CC |
||
| 999 |
_c581254 _d581254 |
||